| 000 | 02620nam0a2200313 i 4500 | ||
|---|---|---|---|
| 001 | RU\NLR\BIBL_A\011249087 | ||
| 005 | 20260406024122.0 | ||
| 010 |
_a9785826515471 _9300 |
||
| 021 |
_aRU _b2016-75650 _94914 |
||
| 035 | _a(NLR Aleph) 011249087 | ||
| 090 |
_a12156750 _c12156750 |
||
| 100 | _a20161017d2016 u y0rusy50 ca | ||
| 101 | 0 | _arus | |
| 102 | _aRU | ||
| 105 | _aa j 000yy | ||
| 200 | 1 |
_aТехнология укладки асфальтобетонных смесей при строительстве многополосных дорожных покрытий _eучебное пособие для студентов вузов, обучающихся по направлению подготовки магистров "Строительство" (программа магистерской подготовки: "Проектирование, строительство и эксплуатацияавтомобильных дорог") и по специальности "Строительсьво, эксплуатация, восстановление и техническое прикрытие автомобильных дорог, мостов и тоннелей" (специализация: "Строительсьво (реконструкция), эксплуатация и техническое прикрытие автомобильных дорог") _fА.Ф. Зубков, К.А. Андрианов, А.М. Макаров, Р.В. Куприянов _gМ-во образования и науки Рос. Федерации, Федер. гос. бюджет. образоват. учреждение высш. образования "Тамбов. гос. техн. ун-т" |
|
| 210 |
_aТамбов _cИзд-во ФГБОУ ВО "ТГТУ" _d2016 |
||
| 215 |
_a79 с. _cил. _d21 |
||
| 320 | _aБиблиогр. в конце глав | ||
| 606 | 1 |
_aАсфальтобетон _jУчебные издания для высших учебных заведений _xУкладка _91044134 _3RU\NLR\AUTH\6684528 |
|
| 686 | 1 | _aО311.45-064.204.4я73-1 | |
| 701 | 1 |
_aЗубков _bА. Ф. _gАнатолий Федорович |
|
| 701 | 1 |
_aАндрианов _bК. А. _gКонстантин Анатольевич |
|
| 701 | 1 |
_8rus _7ca _aМакаров _bА. М. _cканд. техн. наук, строительство _gАлександр Михайлович _3RU\NLR\AUTH\77125673 _9108598 |
|
| 701 | 1 |
_aКуприянов _bР. В. _gРоман Валерьевич |
|
| 942 | _cBOOK | ||
| 980 | _aNBR | ||